ARRUPE JESUIT UNIVERSITY

CORONAVIRUS -STOP THE SPREAD - CLEAN,DISINFECT,COVER

On evil / (Record no. 127006)

MARC details
000 -LEADER
fixed length control field 01468cam a22003374a 4500
001 - CONTROL NUMBER
control field 13034624
003 - CONTROL NUMBER IDENTIFIER
control field ARRUPE
005 - DATE AND TIME OF LATEST TRANSACTION
control field 20171003093149.0
008 - FIXED-LENGTH DATA ELEMENTS--GENERAL INFORMATION
fixed length control field 021219s2003 enk b 001 0 eng
010 ## - LIBRARY OF CONGRESS CONTROL NUMBER
LC control number 2002155694
020 ## - INTERNATIONAL STANDARD BOOK NUMBER
International Standard Book Number 0195158539
020 ## - INTERNATIONAL STANDARD BOOK NUMBER
International Standard Book Number 0195091833 (pbk.)
040 ## - CATALOGING SOURCE
Original cataloging agency DLC
Transcribing agency DLC
Modifying agency DLC
041 1# - LANGUAGE CODE
Language code of text/sound track or separate title eng
Language code of original and/or intermediate translations of text lat
042 ## - AUTHENTICATION CODE
Authentication code pcc
050 00 - LIBRARY OF CONGRESS CALL NUMBER
Classification number BJ1400
Item number .T4813 2003
082 00 - DEWEY DECIMAL CLASSIFICATION NUMBER
Classification number 111/.84
Edition number 21
300 ## - PHYSICAL DESCRIPTION
Dimensions 24 cm.
100 0# - MAIN ENTRY--PERSONAL NAME
Personal name Thomas,
Titles and other words associated with a name Aquinas, Saint,
Dates associated with a name 1225?-1274.
9 (RLIN) 36639
245 10 - TITLE STATEMENT
Title On evil /
Statement of responsibility, etc Thomas Aquinas ; translated by Richard Regan ; edited with an introduction and notes by Brian Davies.
260 ## - PUBLICATION, DISTRIBUTION, ETC. (IMPRINT)
Place of publication, distribution, etc Oxford ;
-- New York :
Name of publisher, distributor, etc Oxford University Press,
Date of publication, distribution, etc 2003.
300 ## - PHYSICAL DESCRIPTION
Extent xviii, 540 p. ;
504 ## - BIBLIOGRAPHY, ETC. NOTE
Bibliography, etc Includes bibliographical references (p. 531-535) and index.
650 #0 - SUBJECT ADDED ENTRY--TOPICAL TERM
Topical term or geographic name as entry element Good and evil.
9 (RLIN) 36640
650 #0 - SUBJECT ADDED ENTRY--TOPICAL TERM
Topical term or geographic name as entry element Sin
General subdivision Christianity.
9 (RLIN) 36641
700 1# - ADDED ENTRY--PERSONAL NAME
Personal name Regan, Richard J.
9 (RLIN) 36642
700 1# - ADDED ENTRY--PERSONAL NAME
Personal name Davies, Brian,
Dates associated with a name 1951-
9 (RLIN) 9292
856 42 - ELECTRONIC LOCATION AND ACCESS
Materials specified Publisher description
Uniform Resource Identifier <a href="http://www.loc.gov/catdir/enhancements/fy0613/2002155694-d.html">http://www.loc.gov/catdir/enhancements/fy0613/2002155694-d.html</a>
906 ## - LOCAL DATA ELEMENT F, LDF (RLIN)
a 7
b cbc
c orignew
d 1
e ecip
f 20
g y-gencatlg
942 ## - ADDED ENTRY ELEMENTS (KOHA)
Source of classification or shelving scheme Library of Congress Classification
Koha item type Monograph ( Printed materials)
Holdings
Withdrawn status Lost status Source of classification or shelving scheme Damaged status Not for loan Collection code Home library Current library Shelving location Date acquired Total Checkouts Full call number Barcode Date last seen Date checked out Price effective from Koha item type
    Library of Congress Classification     Main Collection ARRUPE LIBRARY ARRUPE LIBRARY Main Collection 03/10/2017 1 B765.T531 Q3 46500027791 20/11/2017 30/10/2017 03/10/2017 Monograph ( Printed materials)

 

Arrupe Library. PO Box MP320 Mt Pleasant, Harare, Zimbabwe
263 242 745411|librarian@aju.ac.zw